000 00733nab a22002297a 4500
001 12427
003 HDC
007 cr bn ---aaaaa
008 210128c99999999my ||||o |||| 00| 00may d
040 _aHDC
245 0 _aPusat Halal Asean Di China Guna Teknologi Marditech
336 _atext
_2rdacontent
337 _acomputer
_2rdamedia
338 _aonline resource
_2rdacarrier
650 _aFood
_xReligious aspect
_xIslam
_97432
650 _aHalal food industry
_9128
710 _aBernama
856 _zRequest full-text at [email protected]
942 _2lcc
942 _cNEWS
942 _kNWSO 003004
999 _c9750
_d9750